100+ International matches - Statistics

General Stats
  • This quiz has been taken 30 times
  • The average score is 120 of 450
Answer Stats
🏳️ #️⃣ % Correct
118 Ri Myong-Guk
100%
202 Cristian Ronaldo
90%
177 Lionel Messi
90%
112 Li Weifeng
90%
117 Manuel Neuer
90%
133 Xavi
90%
109 Gao Lin
85%
112 Ki Sung-Yueng
85%
113 Philipp Lahm
85%
113 Son Heung-Min
85%
131 Andrés Iniesta
80%
136 Hong Myung-Bo
80%
144 Robert Lewandowski
80%
180 Sergio Ramos
80%
122 Thierry Henry
80%
120 Wayne Rooney
80%
107 Zinédine Zidane
80%
130 Cha Bum-Kun
75%
102 Gerard Piqué
75%
127 Neymar
75%
102 Domagoj Vida
70%
107 Francisco Rodríguez
70%
112 Frank De Boer
70%
106 Frank Lampard
70%
175 Gianluigi Buffon
70%
167 Iker Casillas
70%
169 Luka Modrić
70%
110 Ricardo Rodríguez
70%
146 Robbie Keane
70%
114 Xabi Alonso
70%
122 Zlatan Ibrahimović
70%
157 Alexis Sánchez
65%
102 Cho Young-Jeung
65%
177 Claudio Suárez
65%
140 Clint Dempsey
65%
110 Cristian Rodríguez
65%
105 Didier Drogba
65%
132 Edin Džeko
65%
111 Gareth Bale
65%
109 Javier Hernández
65%
137 Luis Suárez
65%
126 Olivier Giroud
65%
100 Park Ji-Sung
65%
101 Park Sung-Hwa
65%
106 Patrick Vieira
65%
134 Pepe
65%
114 Steven Gerrard
65%
102 Thibaut Courtois
65%
123 Thomas Müller
65%
111 Andriy Shevchenko
60%
124 Antoine Griezmann
60%
142 Arturo Vidal
60%
107 Ashley Cole
60%
103 David Alaba
60%
125 Eden Hazard
60%
124 Gheorghe Hagi
60%
105 Henrik Larsson
60%
151 Jan Vertonghen
60%
147 Javier Mascherano
60%
111 Keylor Navas
60%
120 Kolo Touré
60%
142 Lilian Thuram
60%
150 Lothar Matthäus
60%
115 Marcel Desailly
60%
137 Miroslav Klose
60%
125 Paolo Maldini
60%
148 Rafael Márquez
60%
125 Roberto Carlos
60%
111 Romelu Lukaku
60%
132 Sebastian Larsson
60%
143 Sergio Busquets
60%
120 Tim Howard
60%
101 Yaya Touré
60%
112 Yénier Márquez
60%
116 Andrea Pirlo
55%
121 Bastian Schweinsteiger
55%
142 Cafu
55%
100 Carles Puyol
55%
125 Christian Eriksen
55%
126 Dani Alves
55%
115 David Beckham
55%
102 Didier Deschamps
55%
112 Diego Forlán
55%
145 Guillermo Ochoa
55%
145 Hugo Lloris
55%
129 Ivan Perišić
55%
121 Leonardo Bonucci
55%
102 Raúl
55%
118 Samuel Eto'o
55%
108 Tim Cahill
55%
117 Daniele De Rossi
50%
125 David Silva
50%
161 Diego Godín
50%
136 Edinson Cavani
50%
130 Edwin Van Der Sar
50%
133 Fernando Muslera
50%
110 Fernando Torres
50%
117 Giorgio Chiellini
50%
117 Granit Xhaka
50%
106 Ivan Rakitić
50%
108 Jürgen Klinsmann
50%
117 Kim Ho-Kon
50%
155 Landon Donovan
50%
113 Miralem Pjanić
50%
148 Paulo Da Silva
50%
102 Robin Van Persie
50%
108 Stern John
50%
113 Thiago Silva
50%
106 Toni Kroos
50%
134 Wesley Sneijder
50%
145 Claudio Bravo
45%
103 Franz Beckenbauer
45%
101 Gabriel Torres
45%
159 Gary Medel
45%
100 Henning Berg
45%
104 Kim Tae-Young
45%
102 Kim Young-Gwon
45%
112 Nani
45%
106 Nicolás Otamendi
45%
124 Petr Čech
45%
118 Román Torres
45%
101 Sergio Agüero
45%
127 Toby Alderweireld
45%
116 Xherdan Shaqiri
45%
148 Ali Daei
40%
179 Andrés Guardado
40%
134 Ángel Di María
40%
164 Cobi Jones
40%
135 Fabio Cannavaro
40%
145 Javier Zanetti
40%
105 Lúcio
40%
127 Luís Figo
40%
130 Lukas Podolski
40%
110 Marko Arnautović
40%
103 Michael Laudrup
40%
104 Per Mertesacker
40%
121 Peter Schmeichel
40%
125 Peter Shilton
40%
104 Radamel Falcao
40%
129 Simon Kjær
40%
108 Stephan Lichtsteiner
40%
108 Bobby Moore
35%
111 Carlos Valderrama
35%
110 Cesc Fàbregas
35%
134 Darijo Srna
35%
110 Dino Zoff
35%
106 Fan Zhiyi
35%
144 Gabriel Gómez
35%
111 Igor Akinfeev
35%
146 João Moutinho
35%
100 Joe-Max Moore
35%
110 John Arne Riise
35%
132 Lee Woon-Jae
35%
105 Tomáš Rosický
35%
100 Almoez Ali
30%
115 André Ayew
30%
102 Arda Turan
30%
109 Asamoah Gyan
30%
114 Bilal Mohammed
30%
103 Daley Blind
30%
109 Dries Mertens
30%
103 Emad Mohammed
30%
110 Fernando Couto
30%
139 Giorgios Karagounis
30%
112 Hawar Mulla Mohammed
30%
109 Jakub Błaszczykowski
30%
128 Joel Campbell
30%
105 Jonny Evans
30%
104 Lee Dong-Gook
30%
127 Lee Young-Pyo
30%
138 Marek Hamšík
30%
136 Mauricio Isla
30%
150 Michael Bradley
30%
137 Rigobert Song
30%
156 Sami Al-Jaber
30%
134 Shay Given
30%
143 Thomas Ravelli
30%
136 Waleed Ali
30%
145 Anders Svensson
25%
126 Andoni Zubizarreta
25%
133 Andreas Isaksson
25%
103 Andriy Pyatov
25%
106 Bobby Charlton
25%
130 Boeniek García
25%
145 Bryan Ruiz
25%
106 Giovanni Van Bronckhorst
25%
100 Grzegorz Krychowiak
25%
111 Hakan Şükür
25%
105 Héctor Herrera
25%
102 Hwang Sun-Hong
25%
102 Jefferson Farfán
25%
112 Jon Dahl Tomasson
25%
102 Kamil Glik
25%
118 Karel Poborský
25%
102 Kenny Dalglish
25%
104 Martin Škrtel
25%
125 Maxi Pereira
25%
117 Olof Mellberg
25%
102 Raúl Jiménez
25%
115 Roberto Ayala
25%
100 Robinho
25%
112 Roque Santa Cruz
25%
140 Steven Davis
25%
103 Vedran Ćorluka
25%
184 Ahmed Hassan
20%
143 Anatoliy Tymoshchuk
20%
102 Atiba Hutchinson
20%
130 Axel Witsel
20%
105 Billy Wright
20%
102 Boštjan Cesar
20%
105 Branislav Ivanović
20%
100 Charles Aranguiz
20%
101 Cláudio Taffarel
20%
119 Cuauhtémoc Blanco
20%
101 Damien Duff
20%
127 David Ospina
20%
106 Eduardo Vargas
20%
106 Giovani Dos Santos
20%
170 Hossam Hassan
20%
132 Ibrahim Hassan
20%
104 Idrissa Gueye
20%
168 Iván Hurtado
20%
104 Ivica Olić
20%
118 John O'Shea
20%
105 Jürgen Kohler
20%
131 Kim Källström
20%
110 Mahdi Karim
20%
116 Martín Cáceres
20%
112 Paolo Guerrero
20%
146 Pável Pardo
20%
101 Phillip Cocu
20%
107 Rui Patrício
20%
103 Stéphane Chapuisat
20%
114 Stipe Pletikosa
20%
101 Thomas Häßler
20%
101 Vasili Berezutski
20%
152 Yasuhito Endo
20%
101 Yossi Benayoun
20%
142 Yuto Nagatomo
20%
112 Aaron Hughes
15%
133 Abdelkarim Hassan
15%
127 Ali Karimi
15%
116 Andrey Yarmolenko
15%
134 Bashar Abdullah
15%
120 Blas Pérez
15%
100 Dario Šimić
15%
106 Diego Simeone
15%
144 Gerardo Torrado
15%
115 Gheorghe Popescu
15%
132 Héctor Moreno
15%
109 Jean Beausejour
15%
106 Josip Šimunić
15%
114 Jozy Altidore
15%
116 Juan Cuadrado
15%
101 Leonel Álvarez
15%
114 Makoto Hasebe
15%
104 Marcelo Moreno
15%
109 Mark Schwarzer
15%
175 Maynor Figueroa
15%
173 Mohamed Al-Deayea
15%
108 Niclas Alexandersson
15%
102 Oleg Blokhin
15%
114 Răzvan Raţ
15%
116 Roland Nilsson
15%
119 Rüştü Reçber
15%
127 Sergei Ignashevich
15%
119 Shinji Okazaki
15%
106 Stilian Petrov
15%
119 Theodorus Zagorakis
15%
101 Vincent Enyeama
15%
109 Wayne Hennessey
15%
100 Zhang Linpeng
15%
108 Zheng Zhi
15%
161 Adnan Al-Talyani
10%
108 Ahmed Musa
10%
132 Alberto Quintero
10%
100 Aleksandar Dragović
10%
137 Amado Guevara
10%
100 Angelos Basinas
10%
196 Bader Al-Mutawa
10%
108 Carlos Bocanegra
10%
159 Celso Borges
10%
126 DaMarcus Beasley
10%
126 Dennis Rommedahl
10%
123 Didier Zokora
10%
104 Dirk Kuyt
10%
134 Dorinel Munteanu
10%
101 Emre Belözoğlu
10%
159 Essam El-Hadary
10%
118 Geremi
10%
115 Gonzalo Jara
10%
175 Hassan Al-Haydos
10%
104 Héctor Chumpitaz
10%
102 James McClean
10%
149 Javad Nekounam
10%
134 Jeff Agoos
10%
101 Juraj Kucka
10%
115 Kostas Katsouranis
10%
116 Majed Abdullah
10%
127 Marcelo Balboa
10%
102 Mario Yepes
10%
101 Martin Jørgensen
10%
110 Mehdi Mahdavikia
10%
163 Mohammed Al-Khilaiwi
10%
109 Rafael Van Der Vaart
10%
119 Ramón Ramírez
10%
100 Roberto Acuña
10%
128 Roberto Palacios
10%
101 Ulises De La Cruz
10%
109 Viktor Onopko
10%
148 Younis Mahmoud
10%
105 Yuri Zhirkov
10%
107 Aaron Mokoena
5%
134 Ahmed Fathy
5%
100 Akram Afif
5%
122 Alaa Abdul-Zahra
5%
112 Alain Geiger
5%
114 Angus Eve
5%
128 Aníbal Godoy
5%
101 Aron Gunnarsson
5%
114 Birkir Bjarnason
5%
114 Björn Nordqvist
5%
102 Bülent Korkmaz
5%
110 Carlos Gamarra
5%
100 Carlos Pavón
5%
109 Chris Gunter
5%
111 Claudio Reyna
5%
101 Cristian Riveros
5%
100 Denis Caniza
5%
112 Édison Méndez
5%
132 Ehsan Hajsafi
5%
106 Emilio Izaguirre
5%
106 Eric Wynalda
5%
104 Fahad Al Ansari
5%
108 Gábor Király
5%
118 Heinz Hermann
5%
125 Ian Goodison
5%
134 Jaime Penedo
5%
107 Jamal Mubarak
5%
102 Jaroslav Plašil
5%
102 Joachim Streich
5%
129 Jorge Campos
5%
100 Joseph Yobo
5%
120 Justo Villar
5%
101 Kasey Keller
5%
110 Kevin Kilbane
5%
105 Khamis Al-Dosari
5%
112 Luis Advíncula
5%
102 Max Gradel
5%
126 Maya Yoshida
5%
103 Michał Żewłakow
5%
100 Mohamed Aboutrika
5%
102 Mohamed Omar
5%
104 Nader El-Sayed
5%
134 Noel Valladares
5%
115 Noureddine Naybet
5%
138 Osama Hawsawi
5%
118 Pat Jennings
5%
110 Paul Caligiuri
5%
100 Pedro Gallese
5%
122 Peter Pekarík
5%
105 Radhi Jaïdi
5%
108 Ricardo Gardner
5%
111 Rolando Fonseca
5%
100 Siaka Tiéné
5%
102 Steve Staunton
5%
116 Theodore Whitmore
5%
102 Thomas Sørensen
5%
100 Tony Meola
5%
101 Vasilios Torosidis
5%
106 Walid Abbas
5%
135 Walter Centeno
5%
116 Yoshikatsu Kawaguchi
5%
112 Abdel-Zaher El-Saqqa
0%
113 Abdulaziz Hatem
0%
141 Abdullah Zubromawi
0%
115 Abdulrahim Jumaa
0%
111 Abdulsalam Jumaa
0%
113 Ahmed Al-Dokhi
0%
107 Ahmed El-Kass
0%
116 Ahmed Ibrahim Khalaf
0%
116 Ahmed Jamil
0%
104 Ahmed Khalil
0%
101 Ahmed Shobair
0%
109 Alberto García Aspe
0%
108 Álex Aguinaga
0%
110 Ali Mabkhout
0%
113 Ali Rehema
0%
110 Álvaro Saborío
0%
101 Andranik Teymourian
0%
103 Andreas Herzog
0%
120 Armando Cooper
0%
109 Balázs Dzsudzsák
0%
102 Birkir Sævarsson
0%
100 Bojan Jokić
0%
108 Boualem Khoukhi
0%
123 Carlos Salcido
0%
100 Earnie Stewart
0%
102 Fahad Awadh
0%
101 Felipe Baloy
0%
124 Hany Ramzy
0%
106 Hao Haidong
0%
100 Hosny Abd Rabo
0%
138 Hussein Abdulghani
0%
102 Ibrahim Majid
0%
115 Ismail Al-Hammadi
0%
136 Ismail Matar
0%
116 Jalal Hosseini
0%
112 Jarah Al Ateeqi
0%
100 Jorge Soto
0%
121 Karim Boudiaf
0%
114 Khaled Al-Muwallid
0%
100 Lakhdar Belloumi
0%
103 László Bölöni
0%
124 Linval Dixon
0%
100 Luis Capurro
0%
126 Luis Marín
0%
106 Luis Tejada
0%
101 Mahboub Juma'a
0%
122 Masami Ihara
0%
109 Mauricio Solís
0%
102 Michael Umaña
0%
108 Miroslav Karhan
0%
121 Mohamed Abd Al-Jawad
0%
118 Mohammad Al-Shalboub
0%
103 Mohammed Al-Jahani
0%
107 Muhsin Musabah
0%
126 Musaed Neda
0%
113 Nashat Akram
0%
116 Nawaf Al-Khaldi
0%
109 Nohai Al-Shammari
0%
111 Odelín Molina
0%
101 Ronald Raldes
0%
100 Rúnar Kristinsson
0%
133 Saud Kariri
0%
123 Sebastián Soria
0%
120 Subait Khater
0%
134 Taisir Al-Jassim
0%
107 Thomas Helveg
0%
114 Wael Gomaa
0%
109 Wael Sulaiman
0%
121 Walter Ayoví
0%
102 Warren Barrett
0%
114 Wesam Rizik
0%
112 Yasser Al-Qahtani
0%
120 Yoo Sang-Chul
0%
125 Yoshimar Yotún
0%
105 Yousef Nasser
0%
110 Yuji Nakazawa
0%
112 Zuhair Bakheet
0%
No matching quizzes found
Score Distribution
Percent of People with Each Score
Percentile by Number Answered
Your Score History
You have not taken this quiz